NFL All-Time Passing Touchdown Leaders - Statistics

General Stats
  • This quiz has been taken 6,025 times
    1,646 since last reset
  • The average score is 14 of 20
Answer Stats
# Career Quarterback % Correct
649 2000–2022 Tom Brady
100%
366 2004–2019 Eli Manning
97%
539 1998–2015 Peyton Manning
97%
527 2005– Aaron Rodgers
95%
571 2001–2020 Drew Brees
95%
508 1991–2010 Brett Favre
85%
425 2004–2020, 2025 Philip Rivers
83%
418 2004–2021 Ben Roethlisberger
80%
273 1979–1994 Joe Montana
79%
420 1983–1999 Dan Marino
78%
423 2009– Matthew Stafford
78%
353 2012– Russell Wilson
74%
381 2008–2022 Matt Ryan
72%
300 1983–1998 John Elway
61%
290 1956–1973 Johnny Unitas
50%
298 2012– Kirk Cousins
48%
291 1984–2000 Warren Moon
48%
342 1961–1978 Fran Tarkenton
43%
294 2004–2017 Carson Palmer
36%
275 1987–2007 Vinny Testaverde
22%
No matching quizzes found
Score Distribution
Percent of People with Each Score
Percentile by Number Answered
Your Score History
You have not taken this quiz since the last reset